[Event "Muensterland Regionalliga 2122"]
[Site "Germany"]
[Date "2021.10.23"]
[Round "2.6"]
[White "Gerighausen, Karl Heinz"]
[Black "Raue, Thorsten"]
[Result "1/2-1/2"]
[WhiteElo "1724"]
[BlackElo "1782"]
[PlyCount "32"]
[EventDate "2021.10.02"]
[EventType "team-tourn"]
[EventRounds "3"]
[EventCountry "GER"]
[SourceTitle "EXT 2023"]
[Source "ChessBase"]
[SourceDate "2022.10.05"]
[SourceVersion "1"]
[SourceVersionDate "2022.10.05"]
[SourceQuality "1"]
[WhiteTeam "Emsdetten Rochade"]
[BlackTeam "Steinfurt"]
[WhiteTeamCountry "GER"]
[BlackTeamCountry "GER"]

1. d4 Nf6 2. Bf4 e6 3. e3 c5 4. c3 Nc6 5. Nd2 d5 6. Ngf3 Bd6 7. Ne5 0-0 8. Bd3 Qc7 9. Ndf3 c4 10. Bc2 b5 11. Nxc6 Qxc6 12. Ne5 Bxe5 13. Bxe5 Nd7 14. Bxh7+ Kxh7 15. Qh5+ Kg8 16. Bxg7 Kxg7 1/2-1/2

[Event "Muensterland Regionalliga 1920"]
[Site "Germany"]
[Date "2020.02.22"]
[Round "7.5"]
[White "Raue, Thorsten"]
[Black "Broemmel, Chris"]
[Result "1-0"]
[WhiteElo "1803"]
[BlackElo "1808"]
[PlyCount "71"]
[EventDate "2019.09.07"]
[EventType "team-tourn"]
[EventRounds "7"]
[EventCountry "GER"]
[SourceTitle "EXT 2023"]
[Source "ChessBase"]
[SourceDate "2022.10.05"]
[SourceVersion "1"]
[SourceVersionDate "2022.10.05"]
[SourceQuality "1"]
[WhiteTeam "Steinfurt"]
[BlackTeam "Raesfeld Erle II"]
[WhiteTeamCountry "GER"]
[BlackTeamCountry "GER"]

1. b4 d5 2. Bb2 b6 3. e3 Bb7 4. Nf3 Nf6 5. c4 e6 6. b5 a6 7. a4 Nbd7 8. Be2 axb5 9. axb5 Rxa1 10. Bxa1 Qa8 11. Nc3 Nc5 12. 0-0 Bd6 13. d4 Nce4 14. Nxe4 Nxe4 15. Bb2 g5 16. c5 Qa2 17. Qc2 g4 18. Ra1 Qxa1+ 19. Bxa1 gxf3 20. Bxf3 Be7 21. c6 Bc8 22. Bxe4 dxe4 23. Qxe4 f6 24. h4 Bd6 25. f4 f5 26. Qf3 h5 27. Qg3 Kf7 28. Qf3 Be7 29. g3 Kg6 30. d5 Rd8 31. e4 Bd6 32. Qc3 e5 33. fxe5 Bc5+ 34. Kg2 fxe4 35. e6 Rxd5 36. Qf6+ 1-0

[Event "Muensterland Regionalliga 1920"]
[Site "Germany"]
[Date "2020.02.01"]
[Round "6.6"]
[White "Raue, Thorsten"]
[Black "Rebber, Christian"]
[Result "0-1"]
[WhiteElo "1803"]
[BlackElo "1833"]
[PlyCount "34"]
[EventDate "2019.09.07"]
[EventType "team-tourn"]
[EventRounds "7"]
[EventCountry "GER"]
[SourceTitle "EXT 2023"]
[Source "ChessBase"]
[SourceDate "2022.10.05"]
[SourceVersion "1"]
[SourceVersionDate "2022.10.05"]
[SourceQuality "1"]
[WhiteTeam "Steinfurt"]
[BlackTeam "Duelmen"]
[WhiteTeamCountry "GER"]
[BlackTeamCountry "GER"]

1. b4 e5 2. Bb2 Bxb4 3. Bxe5 Nf6 4. e3 d5 5. Nf3 0-0 6. c4 Re8 7. Bb2 Bg4 8. cxd5 Nxd5 9. Be2 Nc6 10. 0-0 Bd6 11. a3 Qe7 12. Nc3 Nxc3 13. Bxc3 Bxa3 14. Bb5 Bd6 15. d4 a6 16. d5 Bxf3 17. Qxf3 Ne5 0-1

[Event "Muensterland Verbandsliga 1718"]
[Site "Germany"]
[Date "2018.03.03"]
[Round "7.8"]
[White "Limberg, Johannes"]
[Black "Raue, Thorsten"]
[Result "0-1"]
[WhiteElo "1609"]
[BlackElo "1835"]
[PlyCount "44"]
[EventDate "2017.09.09"]
[EventType "team-tourn"]
[EventRounds "9"]
[EventCountry "GER"]
[SourceTitle "EXT 2019"]
[Source "ChessBase"]
[SourceDate "2018.10.10"]
[SourceVersion "1"]
[SourceVersionDate "2018.10.10"]
[SourceQuality "1"]
[WhiteTeam "Olfen"]
[BlackTeam "Steinfurt"]
[WhiteTeamCountry "GER"]
[BlackTeamCountry "GER"]

1. e4 Nc6 2. Nf3 f5 3. Nc3 fxe4 4. Nxe4 d5 5. Ng3 e5 6. Bb5 Bg4 7. h3 Bxf3 8. Qxf3 Nf6 9. b3 Bd6 10. Nf5 0-0 11. Bxc6 bxc6 12. Qg3 Qd7 13. Nxd6 cxd6 14. d3 Rae8 15. 0-0 Nh5 16. Qh4 Qf7 17. Bd2 Re6 18. Rae1 Rg6 19. Kh1 Rf6 20. Kg1 Qg6 21. Qg4 Qf7 22. Re2 Rg6 0-1

[Event "Muensterland Regionalliga 1617"]
[Site "Germany"]
[Date "2017.04.08"]
[Round "8.8"]
[White "Heimann, Karsten"]
[Black "Raue, Thorsten"]
[Result "0-1"]
[WhiteElo "1599"]
[BlackElo "1797"]
[PlyCount "84"]
[EventDate "2016.09.17"]
[EventType "team"]
[EventRounds "9"]
[EventCountry "GER"]
[SourceTitle "EXT 2018"]
[Source "ChessBase"]
[SourceDate "2017.10.13"]
[SourceVersion "1"]
[SourceVersionDate "2017.10.13"]
[SourceQuality "1"]
[WhiteTeam "Olfen"]
[BlackTeam "Steinfurt"]
[WhiteTeamCountry "GER"]
[BlackTeamCountry "GER"]

1. e4 Nc6 2. d4 d5 3. e5 Bf5 4. c3 e6 5. Nf3 Qd7 6. Bb5 a6 7. Ba4 Nge7 8. Ng5 h6 9. Qh5 Ng6 10. Nh3 Be7 11. Nd2 Nh4 12. 0-0 Bxh3 13. gxh3 g6 14. Qe2 0-0-0 15. b4 Rdf8 16. Nb3 b5 17. Rb1 Nb8 18. Nc5 Bxc5 19. bxc5 bxa4 20. Ba3 Qc6 21. Rb4 Kd7 22. Rfb1 Ke7 23. Qb2 Nd7 24. Rxa4 Rb8 25. Rb4 Rxb4 26. cxb4 Rb8 27. f4 Qb5 28. c6 Nb6 29. Qc3 Nc4 30. Bc1 Qxc6 31. Qd3 Qb6 32. a4 Nf5 33. Kg2 Qxd4 34. Qe2 Qe4+ 35. Qxe4 dxe4 36. Kf2 e3+ 37. Ke1 Rd8 38. Rb3 Rd4 39. Ke2 Rxf4 40. Bxe3 Ncxe3 41. Rxe3 Nxe3 42. Kxe3 Rxb4 0-1

[Event "Muensterland Regionalliga 1516"]
[Site "Germany"]
[Date "2016.05.07"]
[Round "9.7"]
[White "Raue, Thorsten"]
[Black "Binger, Friedhelm"]
[Result "1-0"]
[WhiteElo "1786"]
[BlackElo "1735"]
[PlyCount "109"]
[EventDate "2015.09.05"]
[EventType "team"]
[EventRounds "9"]
[EventCountry "GER"]
[SourceTitle "EXT 2017"]
[Source "ChessBase"]
[SourceDate "2016.10.25"]
[SourceVersion "1"]
[SourceVersionDate "2016.10.25"]
[SourceQuality "1"]
[WhiteTeam "Steinfurt"]
[BlackTeam "Gronau"]
[WhiteTeamCountry "GER"]
[BlackTeamCountry "GER"]

1. b4 d5 2. Bb2 c6 3. e3 Nf6 4. Nf3 Nbd7 5. c4 e6 6. b5 Bd6 7. Be2 0-0 8. 0-0 e5 9. d4 e4 10. Nfd2 Re8 11. a4 Nf8 12. Nc3 Be6 13. Qb3 Ng6 14. Rfc1 Ne7 15. Ba3 h6 16. Rab1 Rb8 17. Qa2 Rc8 18. a5 Bb8 19. a6 b6 20. c5 Nd7 21. Na4 Bc7 22. cxb6 Bxb6 23. Bxe7 Rxe7 24. bxc6 Nb8 25. Nxb6 axb6 26. a7 Nxc6 27. Rxc6 Ra8 28. Rcxb6 Rexa7 29. Qb3 Ra2 30. Qd1 Rc8 31. R6b2 Qa5 32. Nb3 Qa3 33. Rxa2 Qxa2 34. Nc5 Bf5 35. h3 Rc6 36. Kf1 Rf6 37. Qb3 Qd2 38. Rd1 Qa5 39. Qxd5 Bg6 40. Qc4 Kh7 41. Qc2 Qc7 42. Rb1 Qh2 43. Ke1 Qxg2 44. Bf1 Qg1 45. Nd7 Rf3 46. Nf8+ Kg8 47. Nxg6 fxg6 48. Rb7 Qh2 49. Qb2 h5 50. d5 Rf6 51. Rb4 Qh1 52. Rd4 Kh7 53. d6 Qh2 54. d7 Rf3 55. Qd2 1-0

[Event "Muensterland Regionalliga 1516"]
[Site "Germany"]
[Date "2015.11.14"]
[Round "3.7"]
[White "Meyer, Ulrich"]
[Black "Raue, Thorsten"]
[Result "1/2-1/2"]
[WhiteElo "1892"]
[BlackElo "1786"]
[PlyCount "70"]
[EventDate "2015.09.05"]
[EventType "team"]
[EventRounds "9"]
[EventCountry "GER"]
[SourceTitle "EXT 2017"]
[Source "ChessBase"]
[SourceDate "2016.10.25"]
[SourceVersion "1"]
[SourceVersionDate "2016.10.25"]
[SourceQuality "1"]
[WhiteTeam "Muenster SK III"]
[BlackTeam "Steinfurt"]
[WhiteTeamCountry "GER"]
[BlackTeamCountry "GER"]

1. d4 Nf6 2. Bg5 Ne4 3. h4 c5 4. d5 Qa5+ 5. c3 d6 6. Nd2 Nxd2 7. Qxd2 e5 8. e4 b5 9. Bd3 c4 10. Bc2 Nd7 11. Be3 Be7 12. Ne2 Bd8 13. Ng3 Nf6 14. f3 Bd7 15. Ne2 Rb8 16. a3 Bb6 17. 0-0 Bxe3+ 18. Qxe3 Qb6 19. Qxb6 Rxb6 20. g4 Ke7 21. Ng3 Rhb8 22. g5 Ne8 23. f4 a5 24. fxe5 dxe5 25. Rf2 Nd6 26. Bd1 b4 27. axb4 axb4 28. Ra7 R8b7 29. Rxb7 Rxb7 30. cxb4 Rxb4 31. Kf1 Rb7 32. Rd2 Ra7 33. Kf2 Ra2 34. Ke1 Ra1 35. Kf2 Ra2 1/2-1/2

[Event "Muensterland Regionalliga 1415"]
[Site "Germany"]
[Date "2015.02.21"]
[Round "6.8"]
[White "Raue, Thorsten"]
[Black "Tepasse, Wilhelm"]
[Result "1/2-1/2"]
[WhiteElo "1778"]
[BlackElo "1778"]
[PlyCount "59"]
[EventDate "2014.09.20"]
[EventType "team-tourn"]
[EventRounds "9"]
[EventCountry "GER"]
[SourceTitle "EXT 2016"]
[Source "ChessBase"]
[SourceDate "2015.10.08"]
[SourceVersion "1"]
[SourceVersionDate "2015.10.08"]
[SourceQuality "1"]
[WhiteTeam "Steinfurt"]
[BlackTeam "Bocholt"]
[WhiteTeamCountry "GER"]
[BlackTeamCountry "GER"]

1. b4 e5 2. Bb2 d6 3. e3 Nf6 4. Nf3 Bg4 5. h3 Bh5 6. Be2 Be7 7. b5 Nbd7 8. d4 Bxf3 9. Bxf3 e4 10. Be2 0-0 11. 0-0 d5 12. Nd2 Re8 13. c4 Bb4 14. c5 c6 15. a4 Ba5 16. Nb3 Re6 17. Nxa5 Qxa5 18. Qc2 Nf8 19. Rfb1 Qd8 20. Bc3 N6d7 21. a5 Qg5 22. bxc6 bxc6 23. Rb7 Rg6 24. Bf1 Rh6 25. Kh2 Nf6 26. Qe2 Ng4+ 27. Kg1 Nf6 28. Kh2 Ng4+ 29. Kg1 Nf6 30. Kh2 1/2-1/2

[Event "Muensterland Verbandsliga 1314"]
[Site "Germany"]
[Date "2014.04.05"]
[Round "8.5"]
[White "Vestrick, Frank"]
[Black "Raue, Thorsten"]
[Result "1/2-1/2"]
[WhiteElo "1730"]
[BlackElo "1781"]
[PlyCount "37"]
[EventDate "2013.09.07"]
[EventType "team-tourn"]
[EventRounds "9"]
[EventCountry "GER"]
[SourceTitle "EXT 2015"]
[Source "ChessBase"]
[SourceDate "2014.11.20"]
[SourceVersion "1"]
[SourceVersionDate "2014.11.20"]
[SourceQuality "1"]
[WhiteTeam "Heiden"]
[BlackTeam "Steinfurt"]
[WhiteTeamCountry "GER"]
[BlackTeamCountry "GER"]

1. d4 Nf6 2. c4 c5 3. d5 e6 4. Nc3 exd5 5. cxd5 d6 6. e4 g6 7. Nf3 Bg7 8. Be2 0-0 9. 0-0 Re8 10. Qc2 a6 11. a4 Nbd7 12. Re1 Qc7 13. Nd2 Rb8 14. Rb1 Nb6 15. h3 Qe7 16. Qb3 Qc7 17. Qc2 Qe7 18. Qb3 Qc7 19. Qc2 1/2-1/2

[Event "Muensterland Verbandsliga 1314"]
[Site "Germany"]
[Date "2014.03.15"]
[Round "7.6"]
[White "Stumpe, Danny"]
[Black "Raue, Thorsten"]
[Result "0-1"]
[WhiteElo "1673"]
[BlackElo "1781"]
[PlyCount "56"]
[EventDate "2013.09.07"]
[EventType "team-tourn"]
[EventRounds "9"]
[EventCountry "GER"]
[SourceTitle "EXT 2015"]
[Source "ChessBase"]
[SourceDate "2014.11.20"]
[SourceVersion "1"]
[SourceVersionDate "2014.11.20"]
[SourceQuality "1"]
[WhiteTeam "Ostbevern Westbevern"]
[BlackTeam "Steinfurt"]
[WhiteTeamCountry "GER"]
[BlackTeamCountry "GER"]

1. e4 Nc6 2. d4 d5 3. e5 Bf5 4. Nf3 e6 5. Bd3 Bxd3 6. Qxd3 f6 7. exf6 gxf6 8. Bf4 Bd6 9. Bxd6 Qxd6 10. Nc3 a6 11. a3 Nge7 12. Ne2 e5 13. Nd2 0-0-0 14. b4 Rhf8 15. Qxh7 Rh8 16. Qd3 exd4 17. h4 Rdg8 18. 0-0-0 Kb8 19. g3 a5 20. b5 Ne5 21. Qb3 d3 22. Nd4 dxc2 23. Nxc2 Qc5 24. Rhf1 Nf5 25. Kb1 Rg4 26. f4 Rxg3 27. Qa4 Nd3 28. Nb3 Qc3 0-1

[Event "Muensterland Verbandsklasse-A 1213"]
[Site "Germany"]
[Date "2013.04.20"]
[Round "8.4"]
[White "Miethe, Christoph"]
[Black "Raue, Thorsten"]
[Result "1-0"]
[WhiteElo "1641"]
[BlackElo "1818"]
[PlyCount "67"]
[EventDate "2012.09.15"]
[EventType "team-tourn"]
[EventRounds "9"]
[EventCountry "GER"]
[SourceTitle "EXT 2015"]
[Source "ChessBase"]
[SourceDate "2014.11.20"]
[SourceVersion "1"]
[SourceVersionDate "2014.11.20"]
[SourceQuality "1"]
[WhiteTeam "Neuenkirchen II"]
[BlackTeam "Steinfurt"]
[WhiteTeamCountry "GER"]
[BlackTeamCountry "GER"]

1. e4 Nc6 2. d4 d5 3. e5 Bf5 4. c3 e6 5. Nf3 f6 6. exf6 Nxf6 7. Bb5 Qd7 8. Ne5 Qd6 9. Bf4 Bg4 10. f3 Nh5 11. Be3 Bf5 12. Nd2 Nf6 13. g4 a6 14. Bxc6+ bxc6 15. gxf5 exf5 16. Qa4 Rb8 17. Qxa6 c5 18. Qa4+ Nd7 19. Qxd7+ Qxd7 20. Nxd7 Kxd7 21. 0-0-0 c4 22. Kc2 Bd6 23. b3 cxb3+ 24. axb3 Rhe8 25. Rde1 Ra8 26. Kd3 Ra2 27. Ra1 Rea8 28. Rxa2 Rxa2 29. b4 h6 30. f4 Ke6 31. Rg1 g5 32. fxg5 hxg5 33. Bxg5 Bxh2 34. Rh1 1-0

[Event "Muensterland Verbandsklasse-B 1112"]
[Site "Germany"]
[Date "2012.02.11"]
[Round "6.5"]
[White "Schley, Alfred"]
[Black "Raue, Thorsten"]
[Result "0-1"]
[WhiteElo "1719"]
[BlackElo "1843"]
[PlyCount "84"]
[EventDate "2011.09.17"]
[EventType "team-tourn"]
[EventRounds "9"]
[EventCountry "GER"]
[SourceTitle "EXT 2013"]
[Source "ChessBase"]
[SourceDate "2012.11.22"]
[SourceVersion "1"]
[SourceVersionDate "2012.11.22"]
[SourceQuality "1"]
[WhiteTeam "Stadtlohn"]
[BlackTeam "Steinfurt"]
[WhiteTeamCountry "GER"]
[BlackTeamCountry "GER"]

1. e4 Nc6 2. Nf3 d6 3. Bc4 Nf6 4. d3 Bg4 5. Bf4 e5 6. Bg3 Bxf3 7. Qxf3 Nd4 8. Qd1 b5 9. Bb3 Nxb3 10. axb3 c6 11. f4 Qc7 12. Nd2 g6 13. fxe5 dxe5 14. Qf3 Nh5 15. Bf2 Bd6 16. 0-0 0-0 17. Ra6 Nf4 18. Be3 Rfd8 19. g3 Ne6 20. c3 Bc5 21. b4 Bxe3+ 22. Qxe3 c5 23. Qf3 cxb4 24. Qf6 Rd7 25. cxb4 Qb7 26. Ra3 Qb6+ 27. Kg2 Qd4 28. Rc3 Qxb4 29. Qxe5 Rad8 30. Qf6 Qxb2 31. Rf2 Qb4 32. Rb3 Qc5 33. Rc3 Qb6 34. Nb3 b4 35. Rc4 a5 36. Rd4 a4 37. Rxd7 Rxd7 38. Nd2 Qd4 39. Qxd4 Rxd4 40. Nf3 Rxd3 41. Ne5 Rc3 42. Ra2 Nc5 0-1

[Event "Muensterland Verbandsliga 0910"]
[Site "Germany"]
[Date "2010.02.06"]
[Round "6.6"]
[White "Raue, Thorsten"]
[Black "Sparwel, Oliver"]
[Result "0-1"]
[WhiteElo "1843"]
[BlackElo "1939"]
[PlyCount "48"]
[EventDate "2009.09.26"]
[EventType "team-tourn"]
[EventRounds "9"]
[EventCountry "GER"]
[SourceTitle "EXT 2011"]
[Source "ChessBase"]
[SourceDate "2010.11.26"]
[SourceVersion "1"]
[SourceVersionDate "2010.11.26"]
[SourceQuality "1"]
[WhiteTeam "Steinfurt"]
[BlackTeam "Suedlohn"]
[WhiteTeamCountry "GER"]
[BlackTeamCountry "GER"]

1. b4 c6 2. e3 a5 3. b5 Qb6 4. a4 d5 5. Bb2 cxb5 6. axb5 Bf5 7. c4 dxc4 8. Bxc4 Qg6 9. Qf3 Nd7 10. Ne2 e5 11. Qxb7 Rb8 12. Qf3 Bxb1 13. 0-0 Bd3 14. Rfc1 Bb4 15. Qc6 Bxc4 16. Rxc4 Ne7 17. Qc7 Nd5 18. Qxb8+ Nxb8 19. Rc8+ Ke7 20. Rxh8 Nd7 21. Nc3 N5b6 22. h3 Qd3 23. Nb1 h6 24. Rg8 Qh7 0-1

[Event "Muensterland Verbandsliga 0910"]
[Site "Germany"]
[Date "2010.01.16"]
[Round "5.7"]
[White "Raue, Thorsten"]
[Black "Beckmann, Christian"]
[Result "1/2-1/2"]
[WhiteElo "1843"]
[BlackElo "1815"]
[PlyCount "90"]
[EventDate "2009.09.26"]
[EventType "team-tourn"]
[EventRounds "9"]
[EventCountry "GER"]
[SourceTitle "EXT 2011"]
[Source "ChessBase"]
[SourceDate "2010.11.26"]
[SourceVersion "1"]
[SourceVersionDate "2010.11.26"]
[SourceQuality "1"]
[WhiteTeam "Steinfurt"]
[BlackTeam "Ahaus Wessum"]
[WhiteTeamCountry "GER"]
[BlackTeamCountry "GER"]

1. b4 Nf6 2. Bb2 d5 3. e3 Bf5 4. Nf3 Nbd7 5. c4 a5 6. b5 dxc4 7. Bxc4 Nb6 8. Be2 a4 9. d4 e6 10. 0-0 a3 11. Bc3 Nbd5 12. Qb3 Bd6 13. Rc1 0-0 14. Nbd2 Ne4 15. Nxe4 Bxe4 16. Nd2 Bg6 17. Nc4 Be4 18. Nxd6 Qxd6 19. Bd2 Rfc8 20. Rc5 b6 21. Rc6 Qd7 22. f3 Bg6 23. Rac1 Ne7 24. R6c4 e5 25. Bf1 e4 26. f4 Bf5 27. Qc2 Qxb5 28. Rxc7 Qb2 29. Rxc8+ Rxc8 30. Qa4 h6 31. Rxc8+ Nxc8 32. Bb4 Qxa2 33. Qxa3 Be6 34. Qxa2 Bxa2 35. Ba6 Na7 36. Bb7 f5 37. Be7 Be6 38. d5 Bd7 39. Bd8 b5 40. Bb6 Nc8 41. Bc5 Kf7 42. Kf2 Ne7 43. Ke2 g5 44. g3 Bc8 45. Ba8 Ng8 1/2-1/2

[Event "Muensterland Verbandsliga 0910"]
[Site "Germany"]
[Date "2009.10.31"]
[Round "2.7"]
[White "Raue, Thorsten"]
[Black "Niermann, Rainer"]
[Result "1-0"]
[WhiteElo "1843"]
[BlackElo "1948"]
[PlyCount "71"]
[EventDate "2009.09.26"]
[EventType "team-tourn"]
[EventRounds "9"]
[EventCountry "GER"]
[SourceTitle "EXT 2011"]
[Source "ChessBase"]
[SourceDate "2010.11.26"]
[SourceVersion "1"]
[SourceVersionDate "2010.11.26"]
[SourceQuality "1"]
[WhiteTeam "Steinfurt"]
[BlackTeam "Muenster II"]
[WhiteTeamCountry "GER"]
[BlackTeamCountry "GER"]

1. b4 a5 2. b5 c6 3. a4 d5 4. Bb2 Nf6 5. e3 Bg4 6. Nf3 Nbd7 7. Be2 cxb5 8. axb5 e6 9. 0-0 Bd6 10. d4 Rc8 11. Nbd2 Qc7 12. c4 Bxf3 13. Nxf3 dxc4 14. Bxc4 Nb6 15. Be2 Nfd5 16. Rc1 Qd7 17. Rxc8+ Qxc8 18. Qa1 a4 19. Rc1 Qd7 20. e4 Nc7 21. d5 exd5 22. exd5 f6 23. Ng5 0-0 24. Ne6 Nxe6 25. dxe6 Qxe6 26. Bf3 Qf5 27. Bxb7 Qxb5 28. Bc6 Qh5 29. g3 Rb8 30. Bd4 Be5 31. Qa2+ Kh8 32. Bxb6 Rxb6 33. Bb7 g5 34. Rc8+ Kg7 35. Qg8+ Kh6 36. Qf8+ 1-0

[Event "Muensterland Verbandsklasse-B 0809"]
[Site "Germany"]
[Date "2009.02.07"]
[Round "6.8"]
[White "Raue, Thorsten"]
[Black "Muhmann, Reinhard"]
[Result "1-0"]
[WhiteElo "1820"]
[BlackElo "1481"]
[PlyCount "107"]
[EventDate "2008.09.13"]
[EventType "team-tourn"]
[EventRounds "9"]
[EventCountry "GER"]
[SourceTitle "EXT 2010"]
[Source "ChessBase"]
[SourceDate "2010.11.25"]
[SourceVersion "1"]
[SourceVersionDate "2010.11.25"]
[SourceQuality "1"]
[WhiteTeam "Steinfurt"]
[BlackTeam "Emsdetten Rochade II"]
[WhiteTeamCountry "GER"]
[BlackTeamCountry "GER"]

1. b4 d5 2. Bb2 Bf5 3. e3 e6 4. Nf3 Nf6 5. b5 Be7 6. c4 0-0 7. Be2 h6 8. d4 Nbd7 9. Nbd2 Nb6 10. 0-0 Ne4 11. Nxe4 Bxe4 12. Nd2 Bf5 13. a4 a5 14. c5 Nd7 15. c6 bxc6 16. bxc6 Nb6 17. Bc3 Bb4 18. Bxb4 axb4 19. a5 Nc8 20. Qa4 Qd6 21. Rfc1 Na7 22. Rc5 Rfb8 23. Ba6 Nc8 24. Bb7 Ra7 25. Qxb4 Ne7 26. Qc3 g5 27. Nb1 Bxb1 28. Rxb1 f6 29. Rcb5 h5 30. Qd3 Kg7 31. Rc5 Kh6 32. e4 h4 33. Re1 Ng6 34. exd5 Nf4 35. Qe4 exd5 36. Qe7 Nd3 37. Qxd6 cxd6 38. c7 Raxb7 39. cxb8Q Rxb8 40. Rcc1 Nxe1 41. Rxe1 Ra8 42. Ra1 Ra6 43. Kf1 Kg6 44. Ke2 Kf5 45. Kd3 Kf4 46. Kc3 g4 47. Kb4 h3 48. gxh3 gxh3 49. Ra3 Ke4 50. Rxh3 Kxd4 51. Kb5 Ra8 52. a6 Rb8+ 53. Kc6 Rb1 54. Ra3 1-0